| 000 | 00538nam a2200181Ia 4500 | ||
|---|---|---|---|
| 999 |
_c28973 _d28973 |
||
| 003 | OSt | ||
| 005 | 20210101122701.0 | ||
| 008 | 190216s9999||||xx |||||||||||||| ||und|| | ||
| 020 | _a9788182642263 | ||
| 040 | _coclc | ||
| 082 |
_a300 _bMAN/K |
||
| 100 |
_aManalil, Paul _98079 |
||
| 245 | 0 |
_aKeralathile Bhasha Nyunapakshangal / _cPaul Manalil |
|
| 260 |
_bMathrubhumi Printing &publishing, _aKozhikode: _c2006. |
||
| 300 | _a365p | ||
| 650 | _aMalayalam Charithram | ||
| 942 |
_cBK _2ddc _h300 _iMAN/K _k300 _mMAN/K |
||